Quiz Culture Générale – Niveau Intermédiaire #3 - Statistiques

Statistiques générales
  • Ce quiz a été pris 160 fois
  • Le résultat moyen est 12 sur 15
Statistiques - réponses
Question Réponse % Correct
Dans quel pays se trouve la ville d’Oslo ? Norvège
96%
Quel est l’élément chimique dont le symbole est Fe ? Le fer
93%
Quel est l’instrument de musique principal de Beethoven ? Le piano
93%
Quel pays a le plus grand nombre d’habitants au monde ? Inde
92%
Combien de joueurs dans une équipe de volley-ball sur le terrain ? 6
89%
Quelle est la langue la plus parlée au monde (en nombre de locuteurs natifs) ? Le chinois mandarin
88%
Quel est l’animal terrestre le plus rapide du monde ? Le guépard
88%
Qui a peint La Nuit étoilée ? Vincent Van Gogh
86%
Quel pays possède les chutes d’Iguazú avec l’Argentine ? Brésil
83%
Quel est le nom du plus célèbre détective créé par Arthur Conan Doyle ? Sherlock Holmes
82%
Quel est l’auteur de la théorie de l’évolution ? Charles Darwin
81%
Quelle est la plus petite planète du système solaire ? Mercure
81%
Quelle actrice joue Hermione Granger dans Harry Potter ? Emma Watson
78%
Quel est le plus grand organe du corps humain ? La peau
55%
Quelle est la capitale de l’Irlande ? Irlande
4%
Aucun quiz correspondant
Distribution des résultats
% des personnes avec chaque résultat
Percentile par nombre de réponses
Votre historique - résultats
Vous n’avez pas pris ce quiz